000
00329nam a2200121Ia 4500
008
190802s9999 xx 000 0 und d
020
_a
978-81-312-5287-1
100
_a
Sucheta P Dandekar
245
0
_a
Medical Biochemistry Preparatory Manual for Undergraduates
260
_a
India
_b
India
_c
2018
300
_a
543:p
942
_c
BK
999
_c
2222
_d
2222